000 003390000a22001450004500
005 20120302065033.0
942 _cBOOK
100 _a Upendrabhanj Shree
245 _a Baidehish - Bilas
250 _a 1st
260 _aLakhnau:Bhuvan Vani Trust, 1980
040 _aO&H
365 _b60
650 _aRamvilas, OriyaRamayan, OdiyaRamayan
999 _c363731
_d363728